| 000 | 00718nam a2200241 a 4500 | ||
|---|---|---|---|
| 001 | 62254 | ||
| 003 | BD-RjUL | ||
| 005 | 20211209081048.0 | ||
| 008 | 170123s1982 cau b 000 0 eng d | ||
| 020 | _a0534010822 | ||
| 035 | _a(BD-RjUL)62380 | ||
| 040 |
_aBD-RjUL _cBD-RjUL _dBD-RjUL _beng |
||
| 041 | _aeng | ||
| 082 | 0 | 0 |
_a808.042 _223 _bKRS 1982 |
| 100 | 1 |
_aKrupa, Gene H. _9185175 |
|
| 245 | 1 | 0 |
_aSituational writing / _cGene H. Krupa. |
| 260 |
_aBelmont, Calif. : _bWadsworth Pub. Co., _cc1982. |
||
| 300 |
_ax, 260 p. ; _c23 cm. |
||
| 504 | _aBibliography: p. 260. | ||
| 650 | 0 |
_aEnglish language _xRhetoric _xAbility testing. _9185176 |
|
| 650 | 0 |
_aReport writing _xAbility testing. _9185177 |
|
| 942 |
_2ddc _cBK |
||
| 999 |
_c62254 _d62254 |
||